Weak Lyrics (AJR) - Statistics

General Stats
  • This quiz has been taken 802 times
  • The average score is 264 of 321
Answer Stats
Answer % Correct
I
99%
a
95%
what
95%
what's
95%
We
93%
we
93%
But
91%
that?
91%
that
91%
that.
91%
weak
91%
weak,
91%
And
90%
and
90%
you
89%
for
88%
I'm
88%
with
88%
wrong
88%
is
87%
oh
86%
be
85%
Boy
85%
boy
85%
in
85%
No
85%
no
85%
it
84%
fall
83%
love
83%
should
83%
should've
83%
shouldv'e
83%
thank
83%
me
82%
said,
82%
when
82%
bed
81%
on
80%
One
78%
bad
76%
hit,
74%
kiss,
74%
so
74%
to
71%
sip,
69%
easily
68%
give
68%
my
67%
My
67%
stay
65%
strong
65%
how
63%
temptations
63%
gone
61%
come
57%
They
57%
they
57%
yet
57%
troubles
52%
after
50%
call
50%
tongue,
50%
dark,
49%
don't
48%
habits,
48%
like
47%
again
46%
hold
45%
want
45%
won't
44%
budge
42%
grudge
42%
part
42%
promise
42%
up,
40%
Can't
38%
Wake
37%
wait
35%
No matching quizzes found
Score Distribution
Percent of People with Each Score
Percentile by Number Answered
Your Score History
You have not taken this quiz